000 00607nam a2200229Ia 4500
003 OSt
005 20220923225956.0
006 a|||||r|||| 00| 0
007 ta
008 Pun
024 _a276,452
037 _cTextual
040 _aARTS
_cARTS
_bPun
041 _2Pun
_aPun
082 _aO153,2N27,ZE, J6
100 _aਘੁੰਮਣ, ਕਪੂਰ ਸਿੰਘ
245 0 _aਗ਼ੈਲਦਾਰ
260 _c1956
650 _aਪੰਜਾਬੀ ਸਾਹਿਤ
942 _hO153,2N27,ZE, J6
_cTEXL
_2CC
999 _c381709
_d381709